<?xml version="1.0" encoding="UTF-8"?>
<record
    xmlns:xsi="http://www.w3.org/2001/XMLSchema-instance"
    xsi:schemaLocation="http://www.loc.gov/MARC21/slim http://www.loc.gov/standards/marcxml/schema/MARC21slim.xsd"
    xmlns="http://www.loc.gov/MARC21/slim">

  <leader>01282nam a2200277 a 4500</leader>
  <controlfield tag="001">BRCA_7338</controlfield>
  <controlfield tag="005">20190320205811.0</controlfield>
  <controlfield tag="008">131112s2011----mx-a######---#000-0#spa-u</controlfield>
  <datafield tag="020" ind1=" " ind2=" ">
    <subfield code="a">9786074162516</subfield>
  </datafield>
  <datafield tag="041" ind1=" " ind2=" ">
    <subfield code="a">spa</subfield>
  </datafield>
  <datafield tag="044" ind1=" " ind2=" ">
    <subfield code="a">mx</subfield>
  </datafield>
  <datafield tag="050" ind1=" " ind2="4">
    <subfield code="a">Z210.I3</subfield>
    <subfield code="b">.P37 2011</subfield>
  </datafield>
  <datafield tag="100" ind1="1" ind2=" ">
    <subfield code="a">Pascoe, Juan</subfield>
    <subfield code="9">18143</subfield>
  </datafield>
  <datafield tag="245" ind1="1" ind2="0">
    <subfield code="a">Jos&#xE9; Mar&#xED;a Idi&#xE1;quez impresor en el oratorio de la congregaci&#xF3;n de San Felipe Neri de Oaxaca</subfield>
    <subfield code="b">1807-1826 : bibliograf&#xED;a y documentos</subfield>
    <subfield code="c">Juan Pascoe ; en colaboraci&#xF3;n con Claudia Ballesteros, L&#xE9;rida Moya y Pen&#xE9;lope Orozco ; textos bibliogr&#xE1;ficos de Nicol&#xE1;s Le&#xF3;n y Jos&#xE9; Toribio Medina ; introducci&#xF3;n hist&#xF3;rica de Mois&#xE9;s Guzm&#xE1;n P&#xE9;rez ; pr&#xF3;logo de Mar&#xED;a Isabel Gra&#xF1;&#xE9;n Porr&#xFA;a.</subfield>
  </datafield>
  <datafield tag="260" ind1=" " ind2=" ">
    <subfield code="a">M&#xE9;xico</subfield>
    <subfield code="b">Fundaci&#xF3;n Alfredo Harp Hel&#xFA; Oaxaca</subfield>
    <subfield code="c">2011</subfield>
  </datafield>
  <datafield tag="300" ind1=" " ind2=" ">
    <subfield code="a">387 p.</subfield>
    <subfield code="b">il. (algunas a color)</subfield>
    <subfield code="c">27 cm.</subfield>
  </datafield>
  <datafield tag="504" ind1=" " ind2=" ">
    <subfield code="a">Bibliograf&#xED;a: p. 375-379</subfield>
  </datafield>
  <datafield tag="600" ind1="1" ind2="4">
    <subfield code="a">Idi&#xE1;quez, Jos&#xE9; Mar&#xED;a</subfield>
    <subfield code="x">vida y obra</subfield>
    <subfield code="9">18144</subfield>
  </datafield>
  <datafield tag="600" ind1="1" ind2="4">
    <subfield code="a">Idi&#xE1;quez, Jos&#xE9; Mar&#xED;a</subfield>
    <subfield code="v">Bibliograf&#xED;a</subfield>
    <subfield code="9">18145</subfield>
  </datafield>
  <datafield tag="650" ind1="1" ind2="4">
    <subfield code="a">Imprenta</subfield>
    <subfield code="x">Historia</subfield>
    <subfield code="y">Siglo XIX</subfield>
    <subfield code="z">Oaxaca</subfield>
    <subfield code="9">18146</subfield>
  </datafield>
  <datafield tag="700" ind1="1" ind2=" ">
    <subfield code="a">Ballesteros, Claudia</subfield>
    <subfield code="e">coaut.</subfield>
    <subfield code="9">18147</subfield>
  </datafield>
  <datafield tag="700" ind1="1" ind2=" ">
    <subfield code="a">Moya, L&#xE9;rida</subfield>
    <subfield code="e">coaut.</subfield>
    <subfield code="9">18148</subfield>
  </datafield>
  <datafield tag="700" ind1="1" ind2=" ">
    <subfield code="a">Orozco, Pen&#xE9;lope</subfield>
    <subfield code="e">coaut.</subfield>
    <subfield code="9">18149</subfield>
  </datafield>
  <datafield tag="700" ind1="1" ind2=" ">
    <subfield code="a">Gra&#xF1;&#xE9;n Porr&#xFA;a, Mar&#xED;a Isabel</subfield>
    <subfield code="e">pr&#xF3;l.</subfield>
    <subfield code="9">17057</subfield>
  </datafield>
  <datafield tag="942" ind1=" " ind2=" ">
    <subfield code="2">lcc</subfield>
    <subfield code="c">B</subfield>
  </datafield>
  <datafield tag="999" ind1=" " ind2=" ">
    <subfield code="c">7014</subfield>
    <subfield code="d">7014</subfield>
  </datafield>
  <datafield tag="952" ind1=" " ind2=" ">
    <subfield code="0">0</subfield>
    <subfield code="1">0</subfield>
    <subfield code="4">0</subfield>
    <subfield code="7">0</subfield>
    <subfield code="a">BRCA</subfield>
    <subfield code="b">BRCA</subfield>
    <subfield code="d">2012-10-04</subfield>
    <subfield code="l">0</subfield>
    <subfield code="o">Z210.I3 .P37 2011</subfield>
    <subfield code="p">00679</subfield>
    <subfield code="r">2019-03-22 00:00:00</subfield>
    <subfield code="w">2019-03-22</subfield>
    <subfield code="y">B</subfield>
  </datafield>
</record>
